00477nam a2200157Ia 4500008004100000020001400041082001600055100001700071245006200088250000700150260004500157300002700202500001900229600002100248650005000269240925s9999 xx 000 0 und d a130648841 a005.133 ALU aAlur, Deepak 0aCore J2EE Patterns: best practices and design strategies  aNA aNew Jersey:bPrintice- Hall Int.c,2001. axvi,710p.bNAfPirated aIncludes Index aComputer Science aComputer science, information & general works